Music Quiz

Random Music or Singers Quiz

2010s Solo Artist Match Quiz Stats

 Plays Quiz Updated Apr 2, 2019

Score 0/30 Timer 04:00
3 Plays Today
% Correct
Ariana
99.2%
Bruno
98.4%
Justin
98%
Nicki
97.8%
Ed
97.7%
Cardi
96.9%
Meghan
95.2%
Iggy
94.2%
Kendrick
93.1%
Shawn
92.9%
Ellie
90.6%
Post
89.5%
Camila
89%
Sam
88.3%
Adam
84.2%
% Correct
Charlie
83%
Travis
82.5%
Owl
77.8%
Frank
72.4%
Janelle
64.3%
Azealia
57.9%
Kacey
57%
George
56.5%
Hunter
54.4%
Vance
50.8%
Ella
41.6%
James
39.8%
Dustin
35.1%
Kip
30.3%
Brandy
26.2%

You're not logged in!

Compare scores with friends on all Sporcle quizzes.
OR
Log In

You Might Also Like...

Show Comments

Extras

Top Quizzes Today


Score Distribution

Your Account Isn't Verified!

In order to create a playlist on Sporcle, you need to verify the email address you used during registration. Go to your Sporcle Settings to finish the process.

Report this User

Report this user for behavior that violates our Community Guidelines.

Details: